000 00475nam a2200181Ia 4500
001 24248
005 20260414151031.0
008 260414t2006||||xx |||||||||||||| ||spa||
041 _aESP
082 _a345.2
_bC94
100 _aCubas Villanueva, Víctor [1947-...]
_eAUT
245 0 _aEl proceso penal :
_bteoría y jurisprudencia constitucional
260 _c2006
300 _a517 páginas :
_c24 cm.
650 _aDER
654 _aCDE
942 _cLIB
_dJUS
_fJUS
_2ddc
_n
999 _c24248
_d24248